000 00400nam a2200145Ia 4500
008 211109s9999||||xx |||||||||||||| ||und||
082 _a894.8124
_bKUT-P
100 _aKuttikrishna Marar,
245 0 _aPathinanchupanyasam
260 _bSahiya Pravartaka
_aKottayam
_c1963
300 _a164p.
630 _xGeneral Stack
650 _aMalayalam Literature
_vMalayalam EssaysGeneralia
942 _cBOOK
999 _c92970
_d92970